| 000 | 01000cam a2200277 4500 | ||
|---|---|---|---|
| 999 |
_c128873 _d128873 |
||
| 001 | 3144113 | ||
| 003 | ARRUPE | ||
| 005 | 20190131103121.0 | ||
| 008 | 710518t19711970nyua j 000 0 eng | ||
| 010 | _a 73119516 | ||
| 020 | _a0448214008 | ||
| 040 |
_aDLC _cDLC _dDLC |
||
| 042 | _alcac | ||
| 050 | 0 | 0 |
_aSPC GN743 _b.H725 |
| 082 | 0 | 0 | _a573.2/1 |
| 100 | 1 |
_aHogben, Lancelot Thomas, _d1895-1975. _944301 |
|
| 245 | 1 | 0 |
_aBeginnings and blunders; or, Before science began _c[by] Lancelot Hogben. |
| 260 |
_aLondon, _bHeinemann _c1970 |
||
| 300 |
_a110 p. _billus. _c26 cm. |
||
| 350 | _a$4.95 | ||
| 500 | _a"A W. W. Norton book." | ||
| 520 | _aExplains what archaeology has revealed about each step of man's progression from a nomadic search for survival to the earliest beginnings of civilization. | ||
| 650 | 0 |
_aMan, prehistoric _xJuvenile literature. _944302 |
|
| 650 | 1 |
_aPrehistoric peoples. _928897 |
|
| 906 |
_a7 _bcbc _corignew _d2 _encip _f19 _gy-gencatlg |
||
| 942 |
_2lcc _cSPC |
||